• 首页
  • 本馆介绍
  • 公告通知
  • 最新文献
  • 馆藏检索
  • 电子资源
  • 读者导购
  • 参考咨询
  • 我的图书馆
  • 登录
  • 详细信息显示
  • 放入我的书架
  • 预约/预借图书
  • 作者相关作品
  • 分类相关作品
  • 丛书相关作品
  • 出版社相关作品

书目信息

  • 表格格式
  • 工作单格式
  • 卡片格式
题名:
林间空地
    
 
作者: 弗罗斯特 著 ;杨铁军 译
分册:  
出版信息: 北京   人民文学出版社  2016
页数: 588页
开本: 21cm
丛书名: 巴别塔诗典
单 册:
中图分类: I712.25
科图分类:
主题词: 诗集--美国--现代
电子资源:
ISBN: 978-7-02-011829-8
000 00721oam2 2200253 450
001 1770191151
005 20161207151528.0
010    @a978-7-02-011829-8@dCNY56.00
100    @a20160930d2016 em y0chiy50 ea
101 1  @achi@ceng
102    @aCN@b110000
105    @ay z 000gy
106    @ar
200 1  @a林间空地@9lin jian kong di@f(美)弗罗斯特著@g杨铁军译
210    @a北京@c人民文学出版社@d2016
215    @a588页@d21cm
225 2  @a巴别塔诗典
461  0 @12001 @a巴别塔诗典
606 0  @a诗集@y美国@z现代
690    @aI712.25@v5
701  1 @c(美)@a弗罗斯特@9fu luo si te@gFrost, Robert@f1874-1963@4著
702  0 @a杨铁军@9Yang Tie Jun@4译
801  0 @aCN@b91MARC@c20161118
905    @aBZT@dI712.25@e2
    
    林间空地/(美)弗罗斯特著/杨铁军译.-北京:人民文学出版社,2016
    588页;21cm.-(巴别塔诗典)
    
    
    ISBN 978-7-02-011829-8:CNY56.00
    
●
相关链接 在五车中查询图书 在当当中查询图书 在豆瓣中查询图书


正题名:林间空地     索取号:I712.25/2         预约/预借

序号 登录号 条形码 馆藏地/架位号 状态 备注
1 826997   2000826997   第一书库/ [索取号:I712.25/2] 在馆    
2 826998   2000826998   第一书库/ [索取号:I712.25/2] 在馆    
3 826999   2000826999   第一书库/ [索取号:I712.25/2] 在馆    
山东省滨州职业学院图书馆 欢迎您!
大连网信软件有限公司© 版权所有